000 00713nam a2200289Ia 4500
005 20260324145832.0
008 008 260324s9999 xx 000 0 eng d
020 _a9780429026041
037 _aEBOOK
040 _aCRL
040 _beng
040 _cCRL
041 _2eng
041 _aeng
084 _qCRL
100 _aAnna Cox Brinton
_91224353
245 0 _aMaphaeus Vegius and His Thirteenth Book of the Aeneid
245 2 _bA Chapter on Virgil in the Renaissance
260 _bTaylor and Francis
260 _c1978
365 _a
365 _b145
856 _uhttp://www.taylorfrancis.com/books/9780429026041
942 _cEBOOK
999 _c1832814
_d1832814